Closest Countries to Hawaii Quiz Stats

Quiz Updated Dec 26, 2015

Challenge
Share
Tweet
Embed
Score 0/30 Timer 04:00
0 Plays Today
Distance Country % Correct
4,645 kmJapan
94.1%
6,568 kmAustralia
89.1%
3,828 kmMexico
86.9%
6,371 kmChina
86.5%
3,573 kmNew Zealand
85.6%
4,086 kmCanada
84.7%
4,491 kmRussia
82.7%
6,631 kmSouth Korea
76.5%
4,663 kmFiji
76.2%
6,692 kmNorth Korea
73.2%
6,898 kmIndonesia
72.4%
3,304 kmMarshall Islands
67.8%
4,037 kmSamoa
66.4%
4,319 kmMicronesia
63.5%
4,413 kmTonga
61.4%
Distance Country % Correct
5,237 kmPapua New Guinea
61.4%
5,235 kmVanuatu
60.8%
4,969 kmSolomon Islands
60.6%
7,095 kmPalau
60%
3,953 kmTuvalu
59.5%
4,302 kmNauru
58.3%
1,663 kmKiribati
58%
6,642 kmGuatemala
57.8%
7,144 kmChile
57.4%
6,948 kmHonduras
55.3%
3,412 kmFrance
55.2%
6,885 kmEl Salvador
53.6%
7,167 kmNicaragua
53.4%
5,649 kmUnited Kingdom
52.7%
6,873 kmBelize
50.9%

You're not logged in!

Compare scores with friends on all Sporcle quizzes.
Join for Free
OR
Log In

You Might Also Like...

Show Comments

Extras

Top Quizzes Today


Score Distribution

Your Account Isn't Verified!

In order to create a playlist on Sporcle, you need to verify the email address you used during registration. Go to your Sporcle Settings to finish the process.

Report this User

Report this user for behavior that violates our Community Guidelines.

Details: